| 000 | 00788cam a22002413a 4500 | ||
|---|---|---|---|
| 001 | 27749 | ||
| 003 | PGUSA | ||
| 005 | 20140828083611.0 | ||
| 008 | 090108s2009||||xxu|||||s|||||000 | eng d | ||
| 040 |
_aPGUSA _beng |
||
| 042 | _adc | ||
| 050 | 4 | _aDS | |
| 100 | 1 |
_aKeyser, Arthur Louis, _d1856-1924 |
|
| 245 | 1 | 0 |
_aFrom Jungle to Java : _bThe Trivial Impressions of a Short Excursion to Netherlands India _h[electronic resource] / _cArthur Louis Keyser |
| 260 |
_bProject Gutenberg, _c2009 |
||
| 506 | _aPublic domain in the USA. | ||
| 516 | _aElectronic text | ||
| 653 | _aJava (Indonesia) -- Social life and customs | ||
| 653 | _aJava (Indonesia) -- Description and travel | ||
| 830 | 0 |
_aProject Gutenberg _v27749 |
|
| 856 | 4 | 0 | _uhttp://www.gutenberg.org/ebooks/27749 |
| 942 | _cEB | ||
| 999 |
_c257004 _d257004 |
||